Vista normal Vista MARC

Entrada Topical Term

Número de registros utilizados en: 1

001 - CONTROL NUMBER

  • control field: 67660

003 - CONTROL NUMBER IDENTIFIER

  • control field: OSt

005 - DATE AND TIME OF LATEST TRANSACTION

  • control field: 20251205200003.0

008 - FIXED-LENGTH DATA ELEMENTS

  • fixed length control field: 251205|| aca||aabn | a|a d

040 ## - CATALOGING SOURCE

  • Original cataloging agency: OSt
  • Transcribing agency: OSt

150 ## - HEADING--TOPICAL TERM

  • Topical term or geographic name entry element: Teatro ruso

670 ## - SOURCE DATA FOUND

  • Source citation: Work cat.: (OSt)60065: Chejov, Anton Pavlovich, 1860-1904. 2719, El jardín de los cerezos /









Instituto Departamental de Cultura del Meta - Red Departamental de Bibliotecas Públicas del Meta.